000 00891nam a2200229Ii 4500
003 JO-AjNU
008 230605s9999||||xx |||||||||||||| ||und||
017 _a2008/7/2482
020 _a978-9957-499-44-0
040 _aJO-AjNU
_bara
_erda
_cJO-AjNU
041 _aara
050 1 4 _aHG1656.A3.A2238 2008
100 3 _aتأليف: عاطف، زاهر عبد الرحيم,
_eauthor
_932957
245 0 0 _aادارة العمليات النقدية والمالية بين النظرية والتطبيق
250 _aط1
264 3 1 _aعمان: دار الراية للنشر والتوزيع، 2008
300 _a302ص
_bيحتوي على ببلوغرافية من 301-302ص
336 _atext
_btxt
_2rdacontent
337 _aunmediated
_bn
_2rdamedia
338 _avolume
_bnc
_2rdacarrier
650 4 _aالنقود- الاقتصاد المالي - الادارة المالية
_932958
999 _aA13364
_c16932
_d16932